000 00480nam a2200133 a 4500
008 120416s0000 ||||||||||||||||| || u
020 _a0431009872
050 _aN 8217.F27 Ric
100 _aRichardson, Wendy
245 1 0 _aFamilies through the eyes of artists
260 _aLondon
_bHeinemann
_c1993
350 _a0.00
995 _D0.00
_FCBU-MAIN LIBRARY (Kitwe)
_H1
_I10.50
_M1
_UAVAILABLE
_ZMain Library Open Access Collection
999 _c43130
_d43130